00422nam a2200169Ia 4500003000400000005001700004008004100021020001500062040001800077041000800095082002100103100001700124245003300141250001200174260004200186300002400228OSt20250203110644.0210716s1999 xx 000 0 und d a0684855933 cAIMIT LIBRARY aeng a813.54 21bTYRO aTyree, Omar. aSingle mom /cBy Omar Tyree. a1st ed. aNew York :bSimon & Schuster ;c1999. a399p. ;bPBc20 cm.